Differential equations and their applications : proceedings of a conference held in Prague, September, 1962 /

Guardado en:
Autor Corporativo: Czechoslovak Conference on Differential Equations and Their Applications Praga)
Formato: Libro
Idioma:English
Publicado: Prague : New York : Publishing House of the Czechoslovak Academy of Sciences ; Academic Press, 1963.
Etiquetas: Agregar Etiqueta
Sin Etiquetas, Sea el primero en etiquetar este registro!
LEADER 00758nam a22001455a 4500
001 MAT.inmabb001807
008 031218s1963####xr#######b####100#0#eng#d
005 20180613163152.0
245 1 0 |a Differential equations and their applications :  |b proceedings of a conference held in Prague, September, 1962 /  |c [scientific editor, Ivo Babuska ; reviewer, Milos Zlámal]. 
260 |a Prague :  |b Publishing House of the Czechoslovak Academy of Sciences ;  |a New York :  |b Academic Press,  |c 1963. 
300 |a 247 p. ;  |c 24 cm. 
504 |a Incluye referencias bibliográficas. 
500 |a Estas conferencias se conocen con el nombre de EQUADIFF. 
111 2 |a Czechoslovak Conference on Differential Equations and Their Applications  |n (1ª :  |d 1962 :  |c Praga) 
859 |p A-3289  |b BIB. MATEMATICA